Statistics for ASoIaF Islands of Westeros

Click here to take the quiz!

General Stats

  • This quiz has been taken 185 times
    (167 since last reset)
  • The average score is 15 of 32

Answer Stats

InformationIsland% Correct
Located in the Bay of Ice. Home to House Mormont.Bear Island
99%
Volcanic island in the Blackwater Bay. It was ruled by the Targaryens before Robert's rebellion.Dragonstone
96%
House Greyjoy's seat shares the same name with it.Pyke
95%
Home to the stoneborn people and allegedly unicorns as well.Skagos
91%
A large island east of the Stormlands. Has calm blue waters.Tarth
88%
Governed by House Redwyne. Famous for it's wine.Arbor
80%
The most sacred of the Iron Islands.Old Wyk
76%
Biggest island in the Iron Islands.Great Wyk
70%
The wealthiest and most densely populated of the Iron Islands.Harlaw
64%
Located in a freshwater lake. Has faced weirwood trees.Isle of Faces
57%
The westernmost land owned by the Iron Throne under House Farwynd.Lonely Light
51%
The seat of House Farman is located here.Fair Isle
49%
The mother of Robert Baratheon lived here in his youth.Estermont
46%
The northernmost Major island in the Iron Islands.Blacktyde
41%
The seat of House Tawney and House Orkwood is located here.Orkmont
39%
The population of this island was massacred and cannibalized by the stoneborn people.Skane
39%
The northernmost of the four Shield islands.Greenshield
36%
It contains the seat of House Borrel, House Sunderland and Sisterton.Sweetsister
34%
The westernmost of the Shield Islands.Greyshield
33%
The easternmost of the Shield Islands.Oakenshield
32%
It sits at the mouth of the Trident. It has a monastic community.Quiet Isle
31%
The easternmost of the Three Sisters and also the smallest one.Littlesister
30%
The seat of House Sunderly is located here.Saltcliffe
30%
The westernmost of the Three Sisters.Longsister
27%
The seat of House Serry is located here.Southshield
26%
The prison of House Martell is located on this bleak island.Ghaston Grey
22%
Is located northeast of the Fingers in the Narrow Sea.Paps
22%
Is located north of the Fingers in the Bite. The territory of House Pryor.Pebble
19%
The seat of House Upcliff.Witch Isle
12%
The now-extinct Fisher dynasty originates from here.Misty Isle
11%
Is located within the Citadel. The maesters keep their ravens there.Isle of Ravens
9%
Is an island within the Red Fork.Red Deer Island
4%

Score Distribution

Percentile by Number Answered

Percent of People with Each Score

Your Score History

You have not taken this quiz since the last reset